000 00558nam a22001577a 4500
003 OSt
005 20150917103119.0
008 150917b xxu||||| |||| 00| 0 eng d
040 _cRUA
082 _aAGR OUL 2004 B030 Or.1
100 _9649
_aOUL, YOTHIN.
245 _aeffect of intensified rice crop on arthrod population (ឥទ្ធិពលនៃដំណាំស្រូវជាអតិផលទៅលើប្រជាកសិករសត្វស្អិត)
260 _aPhnom Peh
_bRUA
_c2004
300 _a46p.
_bill.
_c29cm.
942 _2ddc
_cAGR
999 _c622
_d622